000 00752nam a22002175i 4500
001 169015
003 ES-MaACL
005 20230906213949.0
008 080724s1858 fr |||| | fre d
080 _a782.089.6
100 1 _aAuber, Daniel-François-Esprit.
_923789
245 1 0 _aFra Diavolo [
_hMúsica impresa]
_b: opéra-comique en trois actes /
_cparoles de Eugène Scribe ; musique de D.F.E. Auber.
250 _aNouvelle ed.
260 _aParis :
_bBenoit,
_c[1858]
300 _a1 partitura vocal (374 p.) ;
_c28 cm.
650 4 _aÓperas-
_xPartituras vocales.
_9137997
700 1 _aScribe, Eugène.
_9104966
852 4 _aES-MaACL
_jL-29297
_z- Biblioteca Jacinto Martínez Lacalle
942 _2udc
999 _c169015
_d169015